Statystyki dla Kadra Hiszpanii Na Euro 2020

Kliknij tutaj aby rozwiązać quiz!

Ogólne statystyki

  • Ten quiz został rozwiązany 175 razy
  • Średni wynik to 14 z 24

Statystyki odpowiedzi

HintOdpowiedź% Poprawnych
BramkarzDe Gea
91%
NapastnikMorata
89%
ObrońcaAlba
85%
NapastnikPedri
82%
BramkarzSimon
81%
PomocnikBusquets
80%
PomocnikTorres
78%
ObrońcaTorres
78%
NapastnikMoreno
71%
ObrońcaLaporte
66%
PomocnikRodri
60%
PomocnikKoke
57%
ObrońcaGarcia
55%
PomocnikLlorente
54%
ObrońcaLlorente
54%
NapastnikOyarzabal
52%
PomocnikThiago
48%
PomocnikOlmo
47%
ObrońcaAzpilicueta
46%
BramkarzSanchez
40%
PomocnikSarabia
37%
ObrońcaGaya
36%
PomocnikFabian
29%
PomocnikTraore
23%

Rozkład punktacji

Percentyl według liczby udzielonych odpowiedzi

Procent ludzi z każdym wynikiem

Twoja historia wyników

Nie rozwiązałeś tego quizu